[Event "Bratto op 26th"]
[Site "Bratto"]
[Date "2006.08.24"]
[Round "6"]
[White "Vancini, Edoardo"]
[Black "Vezzosi, Paolo"]
[Result "1-0"]
[WhiteElo "2250"]
[BlackElo "2356"]
[PlyCount "41"]
[EventDate "2006.08.19"]
[EventType "swiss"]
[EventRounds "9"]
[EventCountry "ITA"]
[SourceTitle "CBM 113 Extra"]
[Source "ChessBase"]
[SourceDate "2006.09.14"]
[SourceVersion "1"]
[SourceVersionDate "2006.09.14"]
[SourceQuality "1"]

1. d4 Nf6 2. Bg5 Ne4 3. Bf4 c5 4. f3 Qa5+ 5. c3 Nf6 6. d5 Qb6 7. Bc1 e6 8. c4 d6 9. e4 g6 10. Ne2 Bg7 11. Nec3 0-0 12. Be2 Re8 13. 0-0 Na6 14. Nd2 Qd8 15. f4 Nc7 16. a4 b6 17. Ra3 a6 18. e5 dxe5 19. fxe5 Nfxd5 20. cxd5 exd5 21. Nf3 1-0

[Event "Bologna-ch 2nd"]
[Site "Bologna"]
[Date "2005.10.15"]
[Round "1"]
[White "Bianchi, Andrea"]
[Black "Vancini, Edoardo"]
[Result "1-0"]
[WhiteElo "2160"]
[BlackElo "2275"]
[PlyCount "145"]
[EventDate "2005.10.15"]
[EventType "swiss"]
[EventRounds "8"]
[EventCountry "ITA"]
[SourceTitle "EXT 2007"]
[Source "ChessBase"]
[SourceDate "2006.11.23"]
[SourceVersion "1"]
[SourceVersionDate "2006.11.23"]
[SourceQuality "1"]

1. e4 c5 2. Nf3 e6 3. d4 cxd4 4. Nxd4 Nc6 5. Nb5 d6 6. c4 Nf6 7. N1c3 a6 8. Nd4 Be7 9. Be2 0-0 10. Be3 d5 11. exd5 exd5 12. Nxc6 bxc6 13. cxd5 cxd5 14. 0-0 Qd6 15. Bf3 Rd8 16. Qa4 Bd7 17. Qd4 Be6 18. Rfd1 Rac8 19. Bf4 Qb4 20. Qxb4 Bxb4 21. Be5 Nd7 22. Bd4 Nb8 23. a3 Bc5 24. Rac1 Bxd4 25. Rxd4 Nc6 26. Ra4 d4 27. Ne4 d3 28. Nd2 Nd4 29. Rd1 Rc2 30. Kf1 Rxb2 31. Rxa6 Ne2 32. Rc6 Re8 33. Nc4 Rc2 34. Ne3 Rxc6 35. Bxc6 Rd8 36. Bb5 Nc3 37. Rxd3 Rc8 38. a4 f5 39. Rd4 g5 40. Ke1 f4 41. Nd1 Nb1 42. Rd6 Bb3 43. Bc6 Kf8 44. a5 Rc7 45. f3 Na3 46. Bd5 Bxd1 47. Kxd1 Nb5 48. Rf6+ Kg7 49. Rf5 Nc3+ 50. Kd2 Kg6 51. Be4 Nxe4+ 52. fxe4 Rc4 53. Kd3 Ra4 54. Rc5 Kf6 55. Rc6+ Ke5 56. a6 g4 57. Rc5+ Ke6 58. Rh5 Ra2 59. Rxh7 Rxg2 60. Rh6+ Ke5 61. Rh5+ Ke6 62. Ra5 g3 63. hxg3 Rxg3+ 64. Ke2 Rg8 65. a7 Ra8 66. Kf3 Kd6 67. Kxf4 Kc6 68. e5 Kb6 69. Ra1 Kc6 70. Kf5 Kd7 71. e6+ Ke7 72. Ke5 Ke8 73. Rh1 1-0

[Event "Bratto op 25th"]
[Site "Bratto"]
[Date "2005.08.27"]
[Round "8"]
[White "Vancini, Edoardo"]
[Black "Capone, Vincenzo"]
[Result "1-0"]
[WhiteElo "2282"]
[BlackElo "2123"]
[PlyCount "83"]
[EventDate "2005.08.20"]
[EventType "swiss"]
[EventRounds "9"]
[EventCountry "ITA"]
[SourceTitle "CBM 108 Extra"]
[Source "ChessBase"]
[SourceDate "2005.11.04"]
[SourceVersion "1"]
[SourceVersionDate "2005.11.04"]
[SourceQuality "1"]

1. d4 Nf6 2. Bg5 g6 3. Bxf6 exf6 4. g3 Bg7 5. Bg2 f5 6. e3 d6 7. Ne2 Nd7 8. c4 Nf6 9. Nd2 0-0 10. 0-0 Re8 11. Qc2 Qe7 12. Nc3 c6 13. b4 h5 14. a4 h4 15. a5 hxg3 16. hxg3 Ng4 17. Rfe1 f4 18. gxf4 Bf5 19. Qd1 Qh4 20. Qf3 d5 21. cxd5 cxd5 22. Nxd5 Qh2+ 23. Kf1 Bd3+ 24. Re2 Qh5 25. Ke1 Bxd4 26. Rd1 Rad8 27. Nb3 Bxe2 28. Qxe2 Bg7 29. Nc5 Rxd5 30. Rxd5 Bc3+ 31. Rd2 Bxb4 32. Ne4 Kg7 33. Ng5 Qh4 34. Kf1 Bxd2 35. Qxd2 Qxf2+ 36. Qxf2 Nxf2 37. Kxf2 f6 38. Nf3 b6 39. a6 Rc8 40. Nd4 Rc3 41. Bb7 Ra3 42. Nb5 1-0

[Event "Bratto op 25th"]
[Site "Bratto"]
[Date "2005.08.22"]
[Round "3"]
[White "Lalic, Bogdan"]
[Black "Vancini, Edoardo"]
[Result "1-0"]
[WhiteElo "2491"]
[BlackElo "2282"]
[PlyCount "49"]
[EventDate "2005.08.20"]
[EventType "swiss"]
[EventRounds "9"]
[EventCountry "ITA"]
[SourceTitle "CBM 108 Extra"]
[Source "ChessBase"]
[SourceDate "2005.11.04"]
[SourceVersion "1"]
[SourceVersionDate "2005.11.04"]
[SourceQuality "1"]

1. d4 f5 2. Nc3 d5 3. Bf4 Nf6 4. e3 e6 5. Nb5 Na6 6. c4 Bb4+ 7. Nc3 Ne4 8. Nge2 c5 9. a3 Ba5 10. f3 Nd6 11. cxd5 cxd4 12. Qxd4 0-0 13. dxe6 Nb5 14. Qxd8 Rxd8 15. e7 Re8 16. b4 Nxb4 17. axb4 Bxb4 18. 0-0-0 Nxc3 19. Nxc3 Be6 20. Nd5 Bxe7 21. Nc7 Ba3+ 22. Kb1 Rac8 23. Nxe8 Bb3 24. Nd6 Rc6 25. Bc4+ 1-0

[Event "Gorgonzola op 9th"]
[Site "Gorgonzola"]
[Date "2004.11.21"]
[Round "6"]
[White "Vancini, Edoardo"]
[Black "Martinez, Rolly"]
[Result "0-1"]
[WhiteElo "2288"]
[BlackElo "2360"]
[PlyCount "98"]
[EventDate "2004.11.13"]
[EventType "swiss"]
[EventRounds "6"]
[EventCountry "ITA"]
[SourceTitle "EXT 2007"]
[Source "ChessBase"]
[SourceDate "2006.11.23"]
[SourceVersion "1"]
[SourceVersionDate "2006.11.23"]
[SourceQuality "1"]

1. e4 c5 2. Nc3 Nc6 3. g3 g6 4. Bg2 Bg7 5. d3 Rb8 6. Be3 d6 7. Qd2 b5 8. Nge2 b4 9. Nd1 Nd4 10. 0-0 e5 11. Nc1 Ne7 12. c3 Ne6 13. Bh6 0-0 14. Bxg7 Kxg7 15. Ne3 f5 16. exf5 gxf5 17. f4 exf4 18. gxf4 Ng6 19. Ne2 Nh4 20. Bd5 Nc7 21. Bh1 Be6 22. d4 bxc3 23. bxc3 h6 24. Rab1 Qe7 25. Ng3 Kh7 26. Qd3 Qf7 27. dxc5 dxc5 28. Qd6 Nb5 29. Qxc5 Rfc8 30. Qb4 Rb6 31. c4 Nd6 32. Qa3 Nxc4 33. Nxc4 Rxc4 34. Rxb6 axb6 35. Qd6 Ng6 36. Nh5 b5 37. Re1 Qa7+ 38. Kf1 Rc2 39. Nf6+ Kg7 40. Nh5+ Kh8 41. Qd8+ Bg8 42. Re3 Rc1+ 43. Kg2 Nh4+ 44. Qxh4 Bd5+ 45. Rf3 Bxf3+ 46. Kxf3 Rc3+ 47. Ke2 Qxa2+ 48. Kd1 Qb1+ 49. Ke2 Qb2+ 0-1

[Event "Gorgonzola op 9th"]
[Site "Gorgonzola"]
[Date "2004.11.21"]
[Round "5"]
[White "Vancini, Edoardo"]
[Black "Ranola, Yves"]
[Result "0-1"]
[WhiteElo "2288"]
[BlackElo "2449"]
[PlyCount "80"]
[EventDate "2004.11.13"]
[EventType "swiss"]
[EventRounds "6"]
[EventCountry "ITA"]
[SourceTitle "EXT 2007"]
[Source "ChessBase"]
[SourceDate "2006.11.23"]
[SourceVersion "1"]
[SourceVersionDate "2006.11.23"]
[SourceQuality "1"]

1. e4 c5 2. Nc3 Nc6 3. g3 g6 4. Bg2 Bg7 5. d3 d6 6. Be3 e5 7. Qd2 Nge7 8. Bh6 Bxh6 9. Qxh6 Nd4 10. 0-0-0 Be6 11. Kb1 Qa5 12. Nd5 Nxd5 13. exd5 Bd7 14. Qd2 Qxd2 15. Rxd2 0-0 16. c3 Nf5 17. Nh3 f6 18. Re1 Rae8 19. Rde2 g5 20. f4 exf4 21. Rxe8 Rxe8 22. Rxe8+ Bxe8 23. gxf4 Ne3 24. Bh1 g4 25. Nf2 f5 26. c4 h5 27. Kc1 h4 28. Kd2 Nf1+ 29. Kc3 Kf8 30. d4 b6 31. b4 Ke7 32. Nd3 Nxh2 33. dxc5 dxc5 34. bxc5 bxc5 35. Nxc5 h3 36. Nd3 g3 37. Ne1 Bh5 38. Kd4 Nf3+ 39. Nxf3 Bxf3 40. Bxf3 g2 0-1